000 00501nam a22001817a 4500
999 _c7608
_d7608
003 GBCCL
005 20241126110632.0
008 180904b ||||| |||| 00| 0 eng d
040 _cgbc
082 _aVER 954.004954
_bNEI
100 _aNeihsial, Tualchin
_910349
240 _aThe Zoumis under the British imperialism
245 _aMangkang gamkeekte nuai a Zoumite
260 _c1987.
_aLamka:
_bAuthor,
300 _a102p. ;
650 _aZomi (Asian people)
_vhistory
_913429
942 _2ddc
_cBK
_02